Territorios invisibles

Uloženo v:
Podrobná bibliografie
Hlavní autor: Moncada Mijic, Felipe (autor)
Médium: Kniha
Jazyk:španělština
Vydáno: Valparaíso Ediciones Inubicalistas 2015
Vydání:1a. ed
Edice:Colección Ensayos
Témata:
Tagy: Přidat tag
Žádné tagy, Buďte první, kdo vytvoří štítek k tomuto záznamu!

MARC

LEADER 00000cam a2200000 a 4500
001 UCC1348
003 CL-VaPUC
008 171020e20150000cl |||||||||||||||||spa|d
020 |a 9789569301124 
082 0 4 |a Ch861.09  |b MON  |2 21 
100 |a Moncada Mijic, Felipe  |e autor  |9 595423 
245 1 0 |a Territorios invisibles 
250 |a 1a. ed 
300 |a 179 p 
942 |c BK 
945 |d 20171020 15:16:00  |a arojas 
260 |a Valparaíso  |b Ediciones Inubicalistas  |c 2015 
650 0 |a Poesía chilena   |9 268403 
650 0 |a Crítica e interpretación   |9 255042 
650 0 |a Crítica literaria   |9 269189 
583 |a last modification  |c 20171020 15:16:00  |k Rodrigo Vera 
490 0 |a Colección Ensayos 
999 |c 369886  |d 369884 
952 |0 0  |1 0  |3 erb  |4 0  |6 CH_861_090000000000000_MON_2015  |7 0  |8 A  |9 486035  |a FDOPOS  |b FDOPOS  |i 5429986  |o Ch861.09 MON 2015  |p 5429986  |r 2025-01-22  |w 2019-11-24  |y BK  |z Catalogado en:20171020  |k DLH